000 00353nam a2200145Ia 4500
008 230312s9999||||xx |||||||||||||| ||und||
020 _a3-8365-0478-2
082 _a728.370
_bTAS-L
100 _aTaschen;Angelika
245 0 _aLiving in bahia
260 _bFrances
_aIndia
_c2006
300 _a193
650 _aArchitecture
_vArchitecture
942 _cBK
999 _c12705
_d12705